1250 1441 1716 1884 1304 1959 1707 1082 1705 1991 1550 1132 1908 1057 1660 1886 1298 1158 1609 1141 1833 1280 1645 1510 1031 1926 1648 1346 1214 1864 1730 1785 1077 1042 1985 1599 1284 1357 1241 1278 1367 1855 1262 1571 1604 1351 1184 1361 1078 1948 1588 1881 1426 1802 1105 1942 1285 1487 1998 1024 1491 1935 1512 1937 1700 1654 1431 1160 1773 1526 1042 1350 1263 1875 1894 1862 1274 1059 1092 1376 1881 1079 1564 1170 1202 1214 1163 1572 1400 1688 1345 1678 1346 1405 1735 1229 1810 1928 1549 BCNSPRNW ULIB Ver.6.0+V

เปลี่ยนเป็นภาษาไทย

Change to English
 แสดงรายละเอียดบรรณานุกรม
  กลับหน้าหลัก

Brief Record : Get Marc (ISO 2709) : E-mail record : QR code < ปิดหน้าต่าง
LEADER : 00000nam 2200000uu 4500
001    13399120931
003     ULIB
008    121026s2550||||th 000 0 tha d
020    ^a9789743444555
050  4 ^aH62^bจ459ก
100 0  ^aจิตราภา กุณฑลบุตร
245 10 ^aการวิจัยสำหรับนักวิจัยรุ่นใหม่ /^cจิตราภา กุณฑลบุตร
250    ^aพิมพ์ครั้งที่ 1
260    ^aกรุงเทพฯ :^bโรงพิมพ์สหธรรมิก,^c2550
300    ^a332 หน้า :^bภาพประกอบ ;^c27 ซม.
650  7 ^aการวิจัย
650  7 ^aนักวิจัย
650  7 ^aวิจัย
650  7 ^aวิจัย^xรวมเรื่อง
945    ^p195^l0^i16479
995    ^aทศพร
999    ^aทศพร เกษรทอง
รายการนี้ยังไม่มีแท็ก
คุณยังไม่ได้ล็อกอิน คุณสามารถมีกิจกรรมร่วมกับเว็บไซต์ได้ แต่ต้องล็อกอินก่อน ::
  ล็อกอิน

รายการสื่อสารสนเทศ

ลำดับที่ ประเภท เลขเรียก/บาร์โค้ด สถานที่ สถานะ
1. วิทยาศาสตร์การแพทย์ และสุขภาพ
วิทยาศาสตร์การแพทย์ และสุขภาพ
H62 จ459ก ฉ.1 
  Barcode: 16479
ห้องสมุดวิทยาเขตสวรรค์ประชารักษ์
►หนังสือทั่วไป
บนชั้น

รายการใกล้เคียง
    ผู้แต่ง [จิตราภา กุณฑลบุตร]

    หัวเรื่อง [การวิจัย]
    หัวเรื่อง [นักวิจัย]
    หัวเรื่อง [วิจัย]

BibComment


ยังไม่เคยถูกคอมเมนท์

คอมเมนท์ทรัพยากรรายการนี้
  คอมเมนท์: การวิจัยสำหรับนั..


 Copyright 2026. Bcnsprnw @Library